[Event "BAN-ch rapid"]
[Site "Sheik"]
[Date "2023.02.25"]
[Round "7"]
[White "Maiesha, Mahzabin Tisha"]
[Black "Jannatul, Priti"]
[Result "1-0"]
[WhiteElo "1376"]
[BlackElo "1355"]
[PlyCount "63"]
[EventDate "2023.02.25"]
[EventType "swiss (rapid)"]
[EventRounds "7"]
[EventCountry "BAN"]
[SourceTitle "EXT 2024"]
[Source "ChessBase"]
[SourceDate "2023.10.10"]
[SourceVersion "1"]
[SourceVersionDate "2023.10.10"]
[SourceQuality "1"]

1. e4 e5 2. Nf3 Nc6 3. d4 exd4 4. Nxd4 Nxd4 5. Qxd4 d6 6. Bc4 Qf6 7. Be3 Be6 8. Bxe6 Qxe6 9. Nc3 Nf6 10. f3 a6 11. a3 c6 12. 0-0 Be7 13. Bf4 Rd8 14. Qf2 0-0 15. Rae1 d5 16. exd5 Qf5 17. Rxe7 Qxf4 18. Rxb7 Nxd5 19. Nxd5 cxd5 20. Rb4 Qf6 21. c3 Rb8 22. Rd4 Rfd8 23. Qg3 Rxb2 24. Rfd1 Qb6 25. Kh1 Rb1 26. h3 Qb3 27. Rxb1 Qxb1+ 28. Kh2 Qb3 29. Qg5 Rd7 30. Rb4 f6 31. Qf5 Qxc3 32. Qe6+ 1-0

[Event "BAN-ch rapid"]
[Site "Sheik"]
[Date "2023.02.25"]
[Round "2"]
[White "Maiesha, Mahzabin Tisha"]
[Black "Nusrat Jahan, Alo"]
[Result "0-1"]
[WhiteElo "1376"]
[BlackElo "1624"]
[PlyCount "62"]
[EventDate "2023.02.25"]
[EventType "swiss (rapid)"]
[EventRounds "7"]
[EventCountry "BAN"]
[SourceTitle "EXT 2024"]
[Source "ChessBase"]
[SourceDate "2023.10.10"]
[SourceVersion "1"]
[SourceVersionDate "2023.10.10"]
[SourceQuality "1"]

1. e4 c6 2. d4 d5 3. e5 Bf5 4. c4 e6 5. Nf3 Ne7 6. Nc3 Bg6 7. Nh4 Nf5 8. Nxf5 Bxf5 9. Bd3 Bxd3 10. Qxd3 dxc4 11. Qxc4 Nd7 12. Be3 Nb6 13. Qe2 Nd5 14. 0-0 Be7 15. Qg4 g6 16. Ne4 h5 17. Qg3 Qd7 18. Bg5 Bxg5 19. Nd6+ Kf8 20. Qxg5 Kg7 21. f4 f5 22. exf6+ Nxf6 23. Qe5 Rad8 24. Ne4 Qxd4+ 25. Qxd4 Rxd4 26. Nc5 Kf7 27. Rae1 Re8 28. Nxb7 Rb8 29. Nc5 Rxb2 30. Nxe6 Rdd2 31. Ng5+ Kg8 0-1

[Event "BAN-chB (Women) 41st"]
[Site "Dhaka"]
[Date "2022.11.14"]
[Round "8"]
[White "Jahan, Dilara Nupur"]
[Black "Maiesha, Mahzabin Tisha"]
[Result "1/2-1/2"]
[WhiteElo "1689"]
[BlackElo "1434"]
[PlyCount "79"]
[EventDate "2022.11.07"]
[EventType "swiss"]
[EventRounds "8"]
[EventCountry "BAN"]
[SourceTitle "EXT 2024"]
[Source "ChessBase"]
[SourceDate "2023.10.10"]
[SourceVersion "1"]
[SourceVersionDate "2023.10.10"]
[SourceQuality "1"]

1. Nf3 d5 2. e4 dxe4 3. Ng5 Nf6 4. d3 e5 5. Nxe4 Nxe4 6. dxe4 Qxd1+ 7. Kxd1 Bc5 8. f3 a6 9. Bc4 Nc6 10. c3 Ke7 11. Nd2 Be6 12. Bd5 Rad8 13. Bxc6 bxc6 14. b4 Bb6 15. Kc2 c5 16. a3 Rd7 17. Nf1 Rhd8 18. Be3 c4 19. Re1 Bxe3 20. Rxe3 f5 21. exf5 Bxf5+ 22. Kb2 Kf6 23. g4 Bg6 24. h4 h6 25. a4 Rd1 26. g5+ hxg5 27. hxg5+ Kf7 28. Re2 Rb1+ 29. Ka3 Rdd1 30. Nd2 Ra1+ 31. Kb2 Rxh1 32. Ne4 Rhb1+ 33. Kc2 Ra2+ 34. Kxb1 Rxe2 35. Ka1 Bxe4 36. fxe4 Rxe4 37. Kb2 Re2+ 38. Ka3 e4 39. b5 a5 40. g6+ 1/2-1/2

[Event "BAN-chB (Women) 41st"]
[Site "Dhaka"]
[Date "2022.11.12"]
[Round "6"]
[White "Kazi Zarin, Tasnim"]
[Black "Maiesha, Mahzabin Tisha"]
[Result "1-0"]
[WhiteElo "1860"]
[BlackElo "1434"]
[PlyCount "79"]
[EventDate "2022.11.07"]
[EventType "swiss"]
[EventRounds "8"]
[EventCountry "BAN"]
[SourceTitle "EXT 2024"]
[Source "ChessBase"]
[SourceDate "2023.10.10"]
[SourceVersion "1"]
[SourceVersionDate "2023.10.10"]
[SourceQuality "1"]

1. e4 c5 2. Nf3 d6 3. d4 cxd4 4. Nxd4 Nf6 5. Nc3 a6 6. Be3 e5 7. Nb3 Be7 8. Nd5 Nbd7 9. Nxe7 Qxe7 10. f3 b6 11. Qd2 Bb7 12. c4 Rc8 13. Rd1 Rc6 14. Nc1 a5 15. b3 h6 16. Ne2 Nc5 17. Ng3 Bc8 18. Bd3 Nxd3+ 19. Qxd3 0-0 20. Ne2 Nd7 21. Nc3 Nc5 22. Qe2 f5 23. 0-0 f4 24. Bc1 Qg5 25. Nb5 Qe7 26. Rd2 Rf6 27. Kh1 Rg6 28. Ba3 Ba6 29. Nc3 Ne6 30. Rfd1 Nd4 31. Qf2 Qb7 32. Ne2 b5 33. Nxd4 exd4 34. cxb5 Qxb5 35. Rxd4 Qe5 36. Rd5 Qc3 37. Qd2 Qf6 38. Rxd6 Rxd6 39. Qxd6 Qg5 40. Qd8+ 1-0

[Event "BAN-chT (Women)"]
[Site "Dhaka"]
[Date "2021.09.13"]
[Round "6.2"]
[White "Parveen, Tanima"]
[Black "Maiesha, Mahzabin Tisha"]
[Result "1/2-1/2"]
[WhiteElo "1981"]
[BlackElo "1378"]
[PlyCount "34"]
[EventDate "2021.09.08"]
[EventType "team-tourn"]
[EventRounds "9"]
[EventCountry "BAN"]
[SourceTitle "CBM 204 Extra"]
[Source "ChessBase"]
[SourceDate "2021.11.30"]
[SourceVersion "1"]
[SourceVersionDate "2021.11.30"]
[SourceQuality "1"]
[WhiteTeam "Bangladesh Police (W)"]
[BlackTeam "Sheikh Russel (W)"]
[WhiteTeamCountry "BAN"]
[BlackTeamCountry "BAN"]

1. e4 c6 2. d4 d5 3. exd5 cxd5 4. Bd3 Nf6 5. Ne2 Nbd7 6. 0-0 e5 7. c3 Bd6 8. dxe5 Nxe5 9. Bb5+ Bd7 10. Bxd7+ Qxd7 11. Bg5 Ng6 12. Nd4 0-0 13. Bxf6 gxf6 14. Qf3 Be5 15. Nf5 Kh8 16. Na3 Rg8 17. Kh1 Qd8 1/2-1/2

[Event "BAN-chT (Women)"]
[Site "Dhaka"]
[Date "2021.09.11"]
[Round "4.2"]
[White "Maiesha, Mahzabin Tisha"]
[Black "Ahmed, Walijah"]
[Result "0-1"]
[WhiteElo "1378"]
[BlackElo "1904"]
[PlyCount "58"]
[EventDate "2021.09.08"]
[EventType "team-tourn"]
[EventRounds "9"]
[EventCountry "BAN"]
[SourceTitle "CBM 204 Extra"]
[Source "ChessBase"]
[SourceDate "2021.11.30"]
[SourceVersion "1"]
[SourceVersionDate "2021.11.30"]
[SourceQuality "1"]
[WhiteTeam "Sheikh Russel (W)"]
[BlackTeam "Bangladesh Navy (W)"]
[WhiteTeamCountry "BAN"]
[BlackTeamCountry "BAN"]

1. e4 c5 2. Nf3 e6 3. d4 cxd4 4. Nxd4 Nc6 5. Nxc6 bxc6 6. Nc3 d5 7. Bd3 Nf6 8. 0-0 Be7 9. f4 dxe4 10. Nxe4 Qd4+ 11. Nf2 Qb6 12. Kh1 0-0 13. Ng4 Rd8 14. Qf3 Nxg4 15. Qxg4 Bf6 16. f5 exf5 17. Bxf5 Qb5 18. Bh6 Rd4 19. Qf3 Bxf5 20. Qxf5 Qxf5 21. Rxf5 Rb4 22. Raf1 Rxb2 23. g4 Rxc2 24. g5 Bd4 25. Rxf7 gxh6 26. gxh6 Rb8 27. R7f4 c5 28. Rg4+ Kh8 29. Rgf4 Rg8 0-1

[Event "BAN-ch U20 Girls"]
[Site "Dhaka"]
[Date "2018.05.11"]
[Round "7"]
[White "Maiesha, Mahzabin Tisha"]
[Black "Nusrat, Jahan Moni"]
[Result "1/2-1/2"]
[WhiteElo "1305"]
[BlackElo "1324"]
[PlyCount "68"]
[EventDate "2018.05.05"]
[EventType "swiss"]
[EventRounds "8"]
[EventCountry "BAN"]
[SourceTitle "CBM 184 Extra"]
[Source "ChessBase"]
[SourceDate "2018.06.28"]
[SourceVersion "1"]
[SourceVersionDate "2018.06.28"]
[SourceQuality "1"]

1. e4 e5 2. Nf3 Nc6 3. Bb5 a6 4. Ba4 b5 5. Bb3 d6 6. c3 h6 7. h3 Nf6 8. Bc2 Be7 9. 0-0 0-0 10. d4 Re8 11. Re1 Bf8 12. Nbd2 Bb7 13. d5 Ne7 14. c4 Qd7 15. b3 bxc4 16. bxc4 c5 17. Ba4 Qd8 18. Bxe8 Nxe8 19. Nf1 Ng6 20. Ng3 Nf6 21. Nf5 Bc8 22. Nh2 Bxf5 23. exf5 Ne7 24. Ng4 Nxf5 25. Nxf6+ Qxf6 26. Be3 Nh4 27. Qg4 g6 28. f4 e4 29. Rf1 Bg7 30. Rae1 h5 31. Qg5 Nf5 32. Qxf6 Bxf6 33. Bf2 e3 34. Rxe3 Nxe3 1/2-1/2

[Event "BAN-ch U16 Girls 37th"]
[Site "Dhaka"]
[Date "2018.05.01"]
[Round "4"]
[White "Maiesha, Mahzabin Tisha"]
[Black "Noshin, Anjum"]
[Result "0-1"]
[WhiteElo "1305"]
[BlackElo "1804"]
[PlyCount "78"]
[EventDate "2018.04.28"]
[EventType "swiss"]
[EventRounds "7"]
[EventCountry "BAN"]
[SourceTitle "EXT 2024"]
[Source "ChessBase"]
[SourceDate "2023.10.10"]
[SourceVersion "1"]
[SourceVersionDate "2023.10.10"]
[SourceQuality "1"]

1. e4 e5 2. Nf3 Nc6 3. Bb5 a6 4. Ba4 Nf6 5. 0-0 Be7 6. Re1 b5 7. Bb3 0-0 8. c3 d5 9. exd5 Nxd5 10. d4 exd4 11. cxd4 Bg4 12. Bxd5 Qxd5 13. Nc3 Qd8 14. Be3 Bf6 15. h3 Bxf3 16. Qxf3 Nxd4 17. Bxd4 Bxd4 18. Rad1 Qf6 19. Qxf6 Bxf6 20. Nd5 Bxb2 21. Nxc7 Ra7 22. Nd5 g6 23. Ne7+ Kg7 24. Nc6 Rc7 25. Nb4 Bc3 26. Nd5 Rc5 27. Nxc3 Rxc3 28. Rd6 Ra3 29. Re2 Rc8 30. Rd7 Rc1+ 31. Kh2 Rc6 32. g4 Rcc3 33. f4 Rxh3+ 34. Kg2 Rhg3+ 35. Kh2 Rh3+ 36. Kg2 Rhg3+ 37. Kf2 Rgf3+ 38. Kg2 Rg3+ 39. Kh2 Rxg4 0-1